| 000 | 00653nam a2200217 i 4500 | ||
|---|---|---|---|
| 001 | 57308 | ||
| 003 | ES-MaACL | ||
| 005 | 20230906163543.0 | ||
| 007 | t| | ||
| 008 | 031015s1967 sp ||||1| spa d | ||
| 245 | 0 | 0 |
_aDomingo 4 después de Pentecostés / _c[tradujo, José Alcaraz, S.J.]. |
| 260 |
_aSalamanca : _bSígueme, _c1967. |
||
| 300 |
_a110 p. ; _c19 cm. |
||
| 490 | 1 |
_aPalabra de Dios ; _v11 |
|
| 500 | _aPrecede al tit.: Abadía de Beuron. | ||
| 700 | 1 |
_aAlcaraz, José. _919510 |
|
| 710 | 2 |
_aAbadía de Beuron. _91131 |
|
| 830 | 0 |
_aPalabra de Dios ; _v11 _9182138 |
|
| 852 |
_aES-MaACL _jC-32501 _bR.63168 |
||
| 999 |
_c57308 _d57308 |
||